LEADER 01022cam0 2200265 450 001 E600200057996 005 20160421153351.0 100 $a20091223d1981 |||||ita|0103 ba 101 $aita 102 $aIT 200 1 $aIoannis Lydi de magistratibus III, 70$enote esegetiche e spunti in tema di fiscalitā e legislazione protobizantine$fJames Caimi 210 $aBologna$cPātron$d1981 215 $aP. 318-361$d25 cm 300 $a(mm) 300 $aEstr. da: Rivista di studi bizantini e slavi, 1 (1981), Miscellanea Agostino Pertusi, Tomo 1. 700 1$aCaimi$b, James$3A600200056009$4070$0235414 801 0$aIT$bUNISOB$c20160421$gRICA 850 $aUNISOB 852 $aUNISOB$jFondo|Casavola|Opusc$m148250 912 $aE600200057996 940 $aM 102 Monografia moderna SBN 941 $aM 957 $aFondo|Casavola|Opusc$b000095$gSi$d148250$hCasavola$rdono$1menle$2UNISOB$3UNISOB$420091223104313.0$520160421153351.0$6petrellap 996 $aIoannis Lydi de magistratibus III, 70$91707292 997 $aUNISOB